NLSUI OPAC header image

Taxation of works contract : a case study of building contracts (Record no. 216863)

MARC details
000 -LEADER
fixed length control field 00886nam a2200157Ia 4500
005 - DATE AND TIME OF LATEST TRANSACTION
control field 20260209120126.0
008 - FIXED-LENGTH DATA ELEMENTS--GENERAL INFORMATION
fixed length control field 260209s9999||||xx |||||||||||||| ||und||
100 ## - MAIN ENTRY--PERSONAL NAME
Personal name Mangala Y Hunnargikar
245 #0 - TITLE STATEMENT
Title Taxation of works contract : a case study of building contracts
260 ## - PUBLICATION, DISTRIBUTION, ETC.
Place of publication, distribution, etc. BangaloreBangalore
Name of publisher, distributor, etc. NLSIU
Date of publication, distribution, etc. 2008
300 ## - PHYSICAL DESCRIPTION
Extent 88 p. ; 25 cm.
505 ## - FORMATTED CONTENTS NOTE
Formatted contents note TABLE. OF CONTENTS Chapter 1. Introduction; Chapter 2. Divisibility of contract; Chapter 3. Taxing powers of states; Chapter 4. Valuation of sales tax; Chapter 5. Advance tax; Chapter 6. Goods supplied by contractee; Chapter 7. Composition of tax; Chapter 8. Concessional rate of tax on inputs; Chapter 9. Conclusion; Chapter 10. Case Citations.
650 ## - SUBJECT ADDED ENTRY--TOPICAL TERM
Topical term or geographic name entry element Composition of Tax Divisibility of Contracts
700 ## - ADDED ENTRY--PERSONAL NAME
Personal name Adv. B N Gururaj - GuideAdv. B N Gururaj - Guide
856 ## - ELECTRONIC LOCATION AND ACCESS
Uniform Resource Identifier <a href="https://dans.nls.ac.in/handle/123456789/1437">https://dans.nls.ac.in/handle/123456789/1437</a>
Holdings
Withdrawn status Lost status Damaged status Not for loan Home library Current library Date acquired Total Checkouts Barcode Date last seen Price effective from Koha item type
        . . 09.02.2026   LLM228 09.02.2026 09.02.2026 Dissertation